00928das a2200253 a 4500022001400000040000800014082002600022245003300048246004600081246002100127246003300148260004600181300002500227500010600252500009600358500003200454500003400486650003600520650001500556650002000571650002000591650002800611710003500639 a0068-1156 cWAL a032 ENC 1990 A123 Or.00aBritannica book of the year.1 aEncyclopaedia Britannica book of the year30aBook of the year18aBritannica world data annual aChicago :bEncyclopaedia Britannica, Inc. av. :bill. ;c29 cm. a"The Britannica book of the year bridges the gap between editions [of the Encyclopaedia Britannica]." aIssues for 1985-<2000> include: Britannica world data; for <2002-2003> include: World data. aDescription based on: 1939. aLatest issue consulted: 2003. 0aEncyclopedias and dictionaries. 0aYearbooks. 0aHistory, Modern 0aHistory, Modern 2aEncyclopedias as Topic.2 aEncyclopaedia Britannica, inc.